[Event "FRA-chT3 Gr12 0304"]
[Site "Loire"]
[Date "2004.02.01"]
[Round "5.5"]
[White "Darcet, Bruno"]
[Black "Radawiec, William"]
[Result "1-0"]
[WhiteElo "1830"]
[BlackElo "1780"]
[PlyCount "49"]
[EventDate "2003.10.12"]
[EventType "team-tourn"]
[EventRounds "9"]
[EventCountry "FRA"]
[SourceTitle "EXT 2008"]
[Source "ChessBase"]
[SourceDate "2007.11.25"]
[SourceVersion "1"]
[SourceVersionDate "2007.11.25"]
[SourceQuality "1"]

1. e4 c5 2. c3 Nc6 3. d4 cxd4 4. cxd4 e6 5. Nc3 Bb4 6. Nf3 Nf6 7. Bd3 0-0 8. 0-0 d5 9. e5 Nd7 10. Bxh7+ Kxh7 11. Ng5+ Kg6 12. Qg4 f5 13. Qh4 Nf6 14. exf6 Kxf6 15. Qh5 g6 16. Nge4+ Kf7 17. Qh7+ Ke8 18. Qxg6+ Kd7 19. Bg5 Be7 20. Nc5+ Kc7 21. Bf4+ Kb6 22. N3a4+ Kb5 23. Qg3 Bxc5 24. Nxc5 b6 25. Qd3+ 1-0